Mê kông ký sự
Сохранить в:
| Главный автор: | |
|---|---|
| Формат: | |
| Язык: | Undetermined |
| Опубликовано: |
Tp.Hồ Chí Minh
Hãng phim truyền hình Thành phố Hồ Chí Minh
2006
|
| Предметы: | |
| Метки: |
Добавить метку
Нет меток, Требуется 1-ая метка записи!
|
| Thư viện lưu trữ: | Trung tâm Học liệu Trường Đại học Cần Thơ |
|---|
| LEADER | 00578nam a2200205Ia 4500 | ||
|---|---|---|---|
| 001 | CTU_107527 | ||
| 008 | 210402s9999 xx 000 0 und d | ||
| 020 | |c 30000 | ||
| 082 | |a 791.43 | ||
| 082 | |b Kh113/T.12 | ||
| 100 | |a Phạm, Khắc | ||
| 245 | 0 | |a Mê kông ký sự | |
| 245 | 0 | |c Phạm Khắc | |
| 260 | |a Tp.Hồ Chí Minh | ||
| 260 | |b Hãng phim truyền hình Thành phố Hồ Chí Minh | ||
| 260 | |c 2006 | ||
| 650 | |a Motion pictures | ||
| 904 | |i Tuyến | ||
| 915 | |a 700 | ||
| 980 | |a Trung tâm Học liệu Trường Đại học Cần Thơ | ||